[Event "FIN-chT 2324"]
[Site "Finland"]
[Date "2024.03.17"]
[Round "11.7"]
[White "Kivisto, Mikko"]
[Black "Lehtinen, Helja"]
[Result "1-0"]
[WhiteElo "2194"]
[BlackElo "1850"]
[PlyCount "97"]
[EventDate "2023.09.23"]
[EventType "team-tourn"]
[EventRounds "11"]
[EventCountry "FIN"]
[SourceTitle "EXT 2025"]
[Source "ChessBase"]
[SourceDate "2024.10.14"]
[SourceVersion "1"]
[SourceVersionDate "2024.10.14"]
[SourceQuality "1"]
[WhiteTeam "Espoo MatSK"]
[BlackTeam "Helsinki Aatos"]
[WhiteTeamCountry "FIN"]
[BlackTeamCountry "FIN"]

1. e4 c5 2. b3 e6 3. Bb2 a6 4. Nf3 Nc6 5. c4 Qc7 6. Bd3 d6 7. Bc2 e5 8. Nc3 Nf6 9. h3 Qd8 10. a3 Be6 11. Nd5 a5 12. 0-0 Be7 13. Rb1 0-0 14. Nh2 Nd4 15. f4 Nxc2 16. Qxc2 Bxd5 17. exd5 Nd7 18. fxe5 Nxe5 19. d4 cxd4 20. Bxd4 Rc8 21. a4 Qd7 22. Qd2 Ra8 23. Rbe1 Rfe8 24. Kh1 Bf8 25. Bb6 Ng6 26. Bxa5 Rxe1 27. Rxe1 Qf5 28. Bc3 Ne5 29. Rf1 Qg6 30. Qe2 f6 31. Nf3 b5 32. axb5 Ra3 33. Nd4 Qg3 34. Be1 Qg6 35. Bb4 Ra8 36. Nf5 Rd8 37. Qe3 Qf7 38. Ra1 Re8 39. Qg3 Qd7 40. Nd4 Qf7 41. Ra6 Qh5 42. Ne6 Qd1+ 43. Kh2 Ng6 44. b6 Qf1 45. b7 f5 46. Ra8 f4 47. Nxf4 Re3 48. Qxe3 Nxf4 49. Rxf8+ 1-0

[Event "FIN-chT 2223"]
[Site "Finland"]
[Date "2022.11.12"]
[Round "6.6"]
[White "Rasanen, Otto"]
[Black "Kivisto, Mikko"]
[Result "1/2-1/2"]
[WhiteElo "2046"]
[BlackElo "2208"]
[PlyCount "79"]
[EventDate "2022.09.24"]
[EventType "team-tourn"]
[EventRounds "11"]
[EventCountry "FIN"]
[SourceTitle "EXT 2024"]
[Source "ChessBase"]
[SourceDate "2023.10.10"]
[SourceVersion "1"]
[SourceVersionDate "2023.10.10"]
[SourceQuality "1"]
[WhiteTeam "Vantaa EtVaS"]
[BlackTeam "Espoo MatSK"]
[WhiteTeamCountry "FIN"]
[BlackTeamCountry "FIN"]

1. e4 c5 2. Nf3 e6 3. c3 d5 4. exd5 exd5 5. d4 Nf6 6. Bb5+ Bd7 7. Bxd7+ Nbxd7 8. 0-0 Be7 9. dxc5 Nxc5 10. Re1 0-0 11. Nbd2 Re8 12. Nf1 Qd7 13. Be3 b6 14. Qc2 Rac8 15. Rad1 Nce4 16. Bd4 Bc5 17. Ne3 Qb7 18. Rd3 b5 19. Red1 a5 20. Qb1 Red8 21. Bxc5 Nxc5 22. Rd4 Ne6 23. R4d2 b4 24. c4 dxc4 25. Rxd8+ Rxd8 26. Nxc4 Rxd1+ 27. Qxd1 Qb5 28. Qd3 Nd5 29. Nd4 Nxd4 30. Qxd4 g6 31. g3 a4 32. Nd6 Qc6 33. Ne4 Kf8 34. a3 bxa3 35. bxa3 f6 36. Nc5 Kg7 37. Nxa4 Qc1+ 38. Kg2 Qxa3 39. Qxd5 Qxa4 40. Qb7+ 1/2-1/2

[Event "Verbandsliga Suedbaden 1920"]
[Site "Baden"]
[Date "2020.01.12"]
[Round "4.1"]
[White "Kivisto, Mikko"]
[Black "Metz, Hartmut"]
[Result "1/2-1/2"]
[WhiteElo "2251"]
[BlackElo "2259"]
[PlyCount "90"]
[EventDate "2019.09.29"]
[EventType "team-tourn"]
[EventRounds "9"]
[EventCountry "GER"]
[SourceTitle "EXT 2021"]
[Source "ChessBase"]
[SourceDate "2020.10.23"]
[SourceVersion "1"]
[SourceVersionDate "2020.10.23"]
[SourceQuality "1"]
[WhiteTeam "Baden-Baden V"]
[BlackTeam "Kuppenheim"]
[WhiteTeamCountry "GER"]
[BlackTeamCountry "GER"]

1. e4 c6 2. d4 d5 3. exd5 cxd5 4. Bd3 Nc6 5. c3 Qc7 6. Bg5 Nf6 7. Bxf6 exf6 8. Nf3 Bd6 9. 0-0 0-0 10. h3 Be6 11. Nbd2 Qd7 12. Re1 Bf5 13. Nf1 Ne7 14. Bxf5 Nxf5 15. Qb3 Rfe8 16. Rxe8+ Rxe8 17. Re1 Re6 18. Rxe6 fxe6 19. c4 dxc4 20. Qxc4 Bc7 21. Ne3 Ne7 22. Nd2 Bb6 23. Nb3 Qc6 24. Nc5 Kf7 25. b4 a6 26. Qb3 Bc7 27. a4 b5 28. a5 Bf4 29. Nc2 Nd5 30. g3 Bh6 31. Qd3 g6 32. f4 Bf8 33. Qb3 h5 34. h4 Nc7 35. Qd3 Be7 36. Qe3 Nd5 37. Qd2 Nc7 38. Qg2 Nd5 39. Kh2 Bd6 40. Qd2 Bf8 41. Ne3 Nc7 42. Qg2 Qxg2+ 43. Kxg2 Bd6 44. Kf3 Ke7 45. Ke4 f5+ 1/2-1/2

[Event "Karlsruhe Grenke op"]
[Site "Karlsruhe"]
[Date "2019.04.20"]
[Round "5"]
[White "Kivisto, Mikko"]
[Black "Sawlin, Leonid"]
[Result "1-0"]
[WhiteElo "2253"]
[BlackElo "2402"]
[PlyCount "51"]
[EventDate "2019.04.18"]
[EventType "swiss"]
[EventRounds "9"]
[EventCountry "GER"]
[SourceTitle "CBM 189 Extra"]
[Source "ChessBase"]
[SourceDate "2019.05.31"]
[SourceVersion "1"]
[SourceVersionDate "2019.05.31"]
[SourceQuality "1"]

1. e4 e6 2. Nf3 d5 3. Nc3 Nf6 4. e5 Nfd7 5. d4 c5 6. dxc5 Nc6 7. Bf4 Nxc5 8. Bd3 Be7 9. h4 Qb6 10. Rb1 Bd7 11. 0-0 0-0 12. Be3 Qc7 13. Bxh7+ Kxh7 14. Bxc5 Bxc5 15. Ng5+ Kg6 16. Qd3+ f5 17. exf6+ Kxf6 18. Rbe1 Qf4 19. Nce4+ dxe4 20. Qxd7 Qf5 21. Rxe4 Ne5 22. Qd2 Kg6 23. Qe2 Bd6 24. g4 Qf6 25. f4 Rac8 26. Rxe5 1-0

[Event "Regionalliga Sued-West 1819"]
[Site "Bayern"]
[Date "2018.11.11"]
[Round "2.1"]
[White "Pap, Misa"]
[Black "Kivisto, Mikko"]
[Result "1-0"]
[WhiteElo "2416"]
[BlackElo "2185"]
[PlyCount "77"]
[EventDate "2018.10.21"]
[EventType "team-tourn"]
[EventRounds "9"]
[EventCountry "GER"]
[SourceTitle "EXT 2022"]
[Source "ChessBase"]
[SourceDate "2021.10.06"]
[SourceVersion "1"]
[SourceVersionDate "2021.10.06"]
[SourceQuality "1"]
[WhiteTeam "Augsburg SF"]
[BlackTeam "Zugzwang MSA II"]
[WhiteTeamCountry "GER"]
[BlackTeamCountry "GER"]

1. e4 c5 2. Nf3 e6 3. d4 cxd4 4. Nxd4 Nf6 5. Nc3 d6 6. Bd3 Nc6 7. Be3 Be7 8. 0-0 0-0 9. Nb3 e5 10. Qe2 Be6 11. Bc4 Rc8 12. Bxe6 fxe6 13. Rad1 b6 14. f4 Qe8 15. f5 exf5 16. Rxf5 Qg6 17. Bg5 Nd7 18. Bxe7 Nxe7 19. Rxf8+ Rxf8 20. Nb5 Nc8 21. Qc4+ Kh8 22. h3 Qg3 23. Qe2 Qg6 24. Rd3 a6 25. Nc7 Nf6 26. Nd2 Nh5 27. Qg4 Qf7 28. Nd5 Qf2+ 29. Kh2 Nf4 30. Nxf4 exf4 31. Nf3 Ne7 32. Rxd6 Qxc2 33. Rxb6 Qxe4 34. Qe6 Qe3 35. Rxa6 h6 36. Qe5 Nf5 37. Ra4 Qxe5 38. Nxe5 Re8 39. Ng6+ 1-0

[Event "Munich OIS op 37th"]
[Site "Munich"]
[Date "2017.10.06"]
[Round "7"]
[White "Fedorovsky, Michael"]
[Black "Kivisto, Mikko"]
[Result "1-0"]
[WhiteElo "2478"]
[BlackElo "2257"]
[PlyCount "59"]
[EventDate "2017.09.30"]
[EventType "swiss"]
[EventRounds "9"]
[EventCountry "GER"]
[SourceTitle "CBM 181 Extra"]
[Source "ChessBase"]
[SourceDate "2017.12.12"]
[SourceVersion "1"]
[SourceVersionDate "2017.12.12"]
[SourceQuality "1"]

1. d4 f5 2. g3 Nf6 3. Bg2 g6 4. Nf3 Bg7 5. 0-0 0-0 6. b3 d6 7. Bb2 c6 8. c4 h6 9. Qc2 Na6 10. Nbd2 Nc7 11. e4 fxe4 12. Nxe4 Nxe4 13. Qxe4 Bf5 14. Qe3 Qd7 15. Nh4 Rae8 16. Nxf5 gxf5 17. Rad1 d5 18. Rfe1 Qd6 19. Bc1 b5 20. Qf3 Ne6 21. cxd5 Nxd4 22. Rxd4 Bxd4 23. Re6 Qxd5 24. Rg6+ Kf7 25. Qh5 Bxf2+ 26. Kxf2 Qc5+ 27. Be3 Qc2+ 28. Kg1 Qb1+ 29. Bf1 f4 30. Rxc6+ 1-0

[Event "FIN-chT 1213"]
[Site "Finland"]
[Date "2012.10.28"]
[Round "5.7"]
[White "Fieandt, John"]
[Black "Kivisto, Mikko"]
[Result "1/2-1/2"]
[WhiteElo "2159"]
[BlackElo "2288"]
[PlyCount "24"]
[EventDate "2012.09.28"]
[EventType "team-tourn"]
[EventRounds "11"]
[EventCountry "FIN"]
[SourceTitle "EXT 2013"]
[Source "ChessBase"]
[SourceDate "2012.11.22"]
[SourceVersion "1"]
[SourceVersionDate "2012.11.22"]
[SourceQuality "1"]
[WhiteTeam "Helsinki HSK"]
[BlackTeam "Espoo MatSK"]
[WhiteTeamCountry "FIN"]
[BlackTeamCountry "FIN"]

1. e4 d5 2. exd5 Qxd5 3. d4 Nf6 4. Nf3 Bg4 5. Be2 e6 6. Be3 c6 7. h3 Bxf3 8. Bxf3 Qa5+ 9. c3 Nbd7 10. 0-0 Be7 11. c4 e5 12. Nc3 exd4 1/2-1/2

[Event "FIN-chT 1011"]
[Site "Finland"]
[Date "2010.11.06"]
[Round "3.7"]
[White "Kivisto, Mikko"]
[Black "Halmeenmaki, Tuomo"]
[Result "1-0"]
[WhiteElo "2265"]
[BlackElo "2160"]
[PlyCount "69"]
[EventDate "2010.09.18"]
[EventType "team-tourn"]
[EventRounds "9"]
[EventCountry "FIN"]
[SourceTitle "EXT 2012"]
[Source "ChessBase"]
[SourceDate "2011.11.24"]
[SourceVersion "1"]
[SourceVersionDate "2011.11.24"]
[SourceQuality "1"]
[WhiteTeam "Mat SK"]
[BlackTeam "Betfair Aatos"]
[WhiteTeamCountry "FIN"]
[BlackTeamCountry "FIN"]

1. e4 Nc6 2. Nc3 Nf6 3. d4 d6 4. h3 g6 5. Nf3 Bg7 6. Be3 0-0 7. Qd2 Re8 8. 0-0-0 a6 9. Bh6 Bh8 10. Qe3 e6 11. g4 b5 12. Bg2 b4 13. Ne2 Ne7 14. Ng5 c6 15. Qf4 Qc7 16. Qg3 Bg7 17. Qh4 e5 18. f4 Qa5 19. fxe5 dxe5 20. Rhf1 Rf8 21. Bxg7 Kxg7 22. Rxf6 h6 23. Nf3 Qxa2 24. Nd2 Be6 25. d5 cxd5 26. Rxe6 fxe6 27. Qxe7+ Rf7 28. Qxe6 Qa1+ 29. Nb1 b3 30. c3 a5 31. Qxe5+ Kh7 32. Qxd5 Raf8 33. Qxb3 Rf2 34. Qb7+ Kh8 35. Rd7 1-0

[Event "Espoo We MatSK op"]
[Site "Espoo"]
[Date "2010.02.28"]
[Round "3"]
[White "Kivisto, Mikko"]
[Black "Linqvist, Grels"]
[Result "1-0"]
[WhiteElo "2271"]
[BlackElo "2047"]
[PlyCount "133"]
[EventDate "2010.02.26"]
[EventType "swiss"]
[EventRounds "5"]
[EventCountry "FIN"]
[SourceTitle "EXT 2012"]
[Source "ChessBase"]
[SourceDate "2011.11.24"]
[SourceVersion "1"]
[SourceVersionDate "2011.11.24"]
[SourceQuality "1"]

1. e4 e6 2. Nf3 d5 3. Nc3 d4 4. Ne2 c5 5. c3 Nc6 6. cxd4 cxd4 7. Qa4 Bd7 8. Nexd4 Nf6 9. Nxc6 Bxc6 10. Bb5 Qb6 11. Bxc6+ Qxc6 12. Qxc6+ bxc6 13. d3 c5 14. Ne5 Nd7 15. Nc4 e5 16. f4 f6 17. Rf1 Be7 18. Ke2 0-0 19. fxe5 fxe5 20. Bd2 Rf6 21. Bc3 Rxf1 22. Rxf1 Bf6 23. Rf5 Re8 24. b3 Re6 25. Bb2 g6 26. Rf1 Bg7 27. Rc1 Kf7 28. Ne3 Ra6 29. a4 Rb6 30. Rc3 Ke6 31. Ba3 Bf8 32. Nc4 Rb8 33. Bc1 Be7 34. Be3 Rb7 35. Nd2 Rb8 36. Rc1 Rb7 37. Kd1 Rb4 38. Kc2 Rb7 39. Nc4 Nb8 40. Bd2 Nd7 41. Bc3 Rb8 42. Rf1 Rc8 43. g3 Rb8 44. h4 h5 45. Bd2 Rh8 46. Kc3 Rg8 47. Ne3 Rh8 48. Nd5 Bd8 49. Kc4 Rg8 50. a5 a6 51. Rf2 Rg7 52. Rf1 Rg8 53. b4 cxb4 54. Bxb4 Rh8 55. Bd2 Rg8 56. Kb4 Rg7 57. Bg5 Bxg5 58. hxg5 Kd6 59. Nf6 Kc6 60. Rc1+ Kb7 61. Ne8 Re7 62. Nd6+ Kb8 63. Rc8+ Ka7 64. Rc7+ Ka8 65. Kc4 Rh7 66. Rb7 h4 67. gxh4 1-0

[Event "FIN-chT 0910"]
[Site "Finland"]
[Date "2009.11.15"]
[Round "5.7"]
[White "Kivisto, Mikko"]
[Black "Toivola, Jari"]
[Result "0-1"]
[WhiteElo "2277"]
[BlackElo "2209"]
[PlyCount "90"]
[EventDate "2009.09.19"]
[EventType "team-tourn"]
[EventRounds "9"]
[EventCountry "FIN"]
[SourceTitle "EXT 2022"]
[Source "ChessBase"]
[SourceDate "2021.10.06"]
[SourceVersion "1"]
[SourceVersionDate "2021.10.06"]
[SourceQuality "1"]
[WhiteTeam "Espoo MatSK"]
[BlackTeam "Helsinki Aatos"]
[WhiteTeamCountry "FIN"]
[BlackTeamCountry "FIN"]

1. e4 g6 2. d4 Bg7 3. Nc3 c5 4. Be3 cxd4 5. Bxd4 Nf6 6. e5 Ng8 7. Nf3 Nc6 8. Bb5 Nh6 9. 0-0 0-0 10. Re1 Nxd4 11. Qxd4 d6 12. Qf4 dxe5 13. Nxe5 Be6 14. a4 Nf5 15. Rad1 Qc8 16. Qb4 Qc7 17. Qf4 Rac8 18. Bd3 Qa5 19. b4 Qc7 20. Nb5 Qb8 21. g4 Nh4 22. Kf1 Bxe5 23. Qxe5 Qxe5 24. Rxe5 Nf3 25. Rxe6 fxe6 26. h3 a6 27. Na3 Rf4 28. Kg2 Nh4+ 29. Kg3 g5 30. Be2 Rc3+ 31. Rd3 Rxd3+ 32. Bxd3 Rf3+ 33. Kh2 Rxf2+ 34. Kg1 Rf4 35. Nc4 b5 36. axb5 axb5 37. Na3 Rxb4 38. Nxb5 Nf3+ 39. Kf2 Ne5 40. Be2 Rb2 41. Nd4 Kf7 42. Ke3 Kf6 43. c4 Nd7 44. Nf3 h6 45. Bf1 Rb3+ 0-1

[Event "FIN-chT 0809"]
[Site "Finland"]
[Date "2009.03.14"]
[Round "8.6"]
[White "Nivala, Tuomas"]
[Black "Kivisto, Mikko"]
[Result "0-1"]
[WhiteElo "2219"]
[BlackElo "2304"]
[PlyCount "74"]
[EventDate "2008.09.06"]
[EventType "team-tourn"]
[EventRounds "9"]
[EventCountry "FIN"]
[SourceTitle "EXT 2022"]
[Source "ChessBase"]
[SourceDate "2021.10.06"]
[SourceVersion "1"]
[SourceVersionDate "2021.10.06"]
[SourceQuality "1"]
[WhiteTeam "Jyvaskyla JyS"]
[BlackTeam "Espoo MatSK"]
[WhiteTeamCountry "FIN"]
[BlackTeamCountry "FIN"]

1. Nf3 f5 2. g3 Nf6 3. Bg2 g6 4. c4 Bg7 5. 0-0 d6 6. Nc3 e5 7. d3 0-0 8. c5 h6 9. b4 Qe7 10. cxd6 cxd6 11. Nh4 Kh7 12. e4 f4 13. b5 Bg4 14. Qb3 Nbd7 15. Nd5 Nxd5 16. Qxd5 Nc5 17. Qc4 Be2 18. Re1 Bxd3 19. Qb4 a5 20. bxa6 bxa6 21. Ba3 Bf6 22. Qd2 Bb5 23. Nf3 Qe6 24. Rac1 fxg3 25. hxg3 Rac8 26. Kh2 g5 27. Bxc5 dxc5 28. Qd5 Qe7 29. Bh3 Rc7 30. Bf5+ Kg7 31. Rcd1 c4 32. Kg2 Qa3 33. Rh1 Rd8 34. Qe6 Qe7 35. Qxe7+ Bxe7 36. Nxe5 Rxd1 37. Rxd1 c3 0-1

[Event "Espoo We MatSK"]
[Site "Espoo"]
[Date "2009.??.??"]
[Round "1"]
[White "Penttila, Tero"]
[Black "Kivisto, Mikko"]
[Result "1/2-1/2"]
[WhiteElo "2043"]
[BlackElo "2289"]
[PlyCount "32"]
[EventDate "2009.??.??"]
[EventType "swiss"]
[EventRounds "5"]
[EventCountry "FIN"]
[SourceTitle "EXT 2011"]
[Source "ChessBase"]
[SourceDate "2010.11.26"]
[SourceVersion "1"]
[SourceVersionDate "2010.11.26"]
[SourceQuality "1"]

1. e4 c5 2. Nf3 e6 3. d4 cxd4 4. Nxd4 Nf6 5. Nc3 Nc6 6. Ndb5 Bb4 7. a3 Bxc3+ 8. Nxc3 d5 9. Bd3 d4 10. Ne2 e5 11. 0-0 0-0 12. Ng3 Re8 13. Nh5 Nd7 14. Qg4 g6 15. Bh6 Nf6 16. Nxf6+ Qxf6 1/2-1/2

[Event "FIN-chT 0708"]
[Site "Finland"]
[Date "2008.03.08"]
[Round "8.8"]
[White "Kivisto, Mikko"]
[Black "Mertanen, Janne"]
[Result "1-0"]
[WhiteElo "2311"]
[BlackElo "2296"]
[PlyCount "93"]
[EventDate "2007.09.15"]
[EventType "team-tourn"]
[EventRounds "9"]
[EventCountry "FIN"]
[SourceTitle "EXT 2022"]
[Source "ChessBase"]
[SourceDate "2021.10.06"]
[SourceVersion "1"]
[SourceVersionDate "2021.10.06"]
[SourceQuality "1"]
[WhiteTeam "Espoo MatSK"]
[BlackTeam "Tampere OpusCapita"]
[WhiteTeamCountry "FIN"]
[BlackTeamCountry "FIN"]

1. e4 Nf6 2. Nc3 d5 3. e5 Ne4 4. Nce2 f6 5. d3 Ng5 6. Bxg5 fxg5 7. h4 g4 8. Nf4 g6 9. Nge2 Bh6 10. g3 0-0 11. Bg2 c6 12. c3 Na6 13. 0-0 Nc5 14. d4 Ne6 15. Nxe6 Bxe6 16. Qb3 Qd7 17. a4 g5 18. h5 b6 19. Nc1 Rf3 20. a5 b5 21. Qd1 Raf8 22. Nd3 Qe8 23. Nc5 Bc8 24. Qe2 Qxh5 25. Rac1 Qg6 26. e6 Bg7 27. Qc2 Qh5 28. Rfe1 R8f6 29. Rcd1 Rh6 30. Rd3 Qh2+ 31. Kf1 Rhf6 32. Nd7 R6f5 33. Ree3 Qh5 34. Qe2 Rxe3 35. Rxe3 Qg6 36. Nb8 Rf6 37. Nxc6 Qe8 38. Bxd5 h5 39. Qxb5 h4 40. Qb8 Qf8 41. Qxc8 Rxf2+ 42. Ke1 Rf1+ 43. Ke2 Rf2+ 44. Kd3 Bf6 45. Qxf8+ Kxf8 46. Re2 Rf1 47. Nxa7 1-0